000 00420nam a2200193Ia 4500
005 20240823020932.0
008 240823s9999||||xx |||||||||||||| ||und||
020 _a0-14-303274-7
041 _aENGLISH
082 _A813 N3
100 _aShobhaa De
245 0 _aSisters
250 _a1st
260 _c1993
_b"Penguin Books,New "
500 _aYES
650 _aNovel
_bEnglish
942 _cBK
999 _c175907
_d175907